Polymérne matrice pre kontrolované uvoľňovanie priemyselných hnojív

Gespeichert in:
Bibliographische Detailangaben
1. Verfasser: Kukučková, Silvia (Verfasst von)
Format: Manuskript Buch
Sprache:Slowakisch
Veröffentlicht: Bratislava : STU v Bratislave FCHPT, 2002
Ausgabe:Obháj.: 4.6.2002
Tags: Tag hinzufügen
Keine Tags, Fügen Sie das erste Tag hinzu!

MARC

LEADER 00000ntm a22000003a 4500
001 stu76811
005 20150617225645.4
008 020725s2002----xo------------------slo-d
040 |a STU  |b slo 
041 0 |a slo 
044 |a xo 
100 1 |a Kukučková, Silvia  |4 aut 
245 1 |a Polymérne matrice pre kontrolované uvoľňovanie priemyselných hnojív 
250 |a Obháj.: 4.6.2002 
260 |a Bratislava :  |b STU v Bratislave FCHPT,  |c 2002 
300 |a 61 s. Tab.,grafy,lit 
500 |a Špec.: Plasty a kaučuk 
996 |b 284C026758  |c C*D13718  |l CCI  |s A  |a 24  |w stu76811_0001